<?xml version="1.0" encoding="UTF-8"?>
<record
    xmlns:xsi="http://www.w3.org/2001/XMLSchema-instance"
    xsi:schemaLocation="http://www.loc.gov/MARC21/slim http://www.loc.gov/standards/marcxml/schema/MARC21slim.xsd"
    xmlns="http://www.loc.gov/MARC21/slim">

  <leader>00585nam a22001817a 4500</leader>
  <controlfield tag="003">330010</controlfield>
  <controlfield tag="005">20250609105059.0</controlfield>
  <controlfield tag="008">250609b        sa ||||| |||| 00| 0 eng d</controlfield>
  <datafield tag="020" ind1=" " ind2=" ">
    <subfield code="q">pbk</subfield>
    <subfield code="a">9780627026416</subfield>
  </datafield>
  <datafield tag="040" ind1=" " ind2=" ">
    <subfield code="c">3228</subfield>
  </datafield>
  <datafield tag="082" ind1=" " ind2=" ">
    <subfield code="a">331.0968 BEZU</subfield>
  </datafield>
  <datafield tag="245" ind1=" " ind2=" ">
    <subfield code="a">Managing For Healthy Labour Relations :</subfield>
    <subfield code="b">A Practical Guide For Health Services in Southern Africa</subfield>
    <subfield code="c">[Editors : Bezuidenhout, M.C]</subfield>
  </datafield>
  <datafield tag="250" ind1=" " ind2=" ">
    <subfield code="a">2nd Ed.</subfield>
  </datafield>
  <datafield tag="260" ind1=" " ind2=" ">
    <subfield code="a">Pretoria</subfield>
    <subfield code="b">Van Schaik Publishers</subfield>
    <subfield code="c">2007</subfield>
  </datafield>
  <datafield tag="300" ind1=" " ind2=" ">
    <subfield code="a">xv, 326 pages</subfield>
    <subfield code="c">24 cm</subfield>
  </datafield>
  <datafield tag="942" ind1=" " ind2=" ">
    <subfield code="w">190</subfield>
    <subfield code="x">Dudu Mondlane</subfield>
    <subfield code="y">190</subfield>
    <subfield code="z">Dudu Mondlane</subfield>
  </datafield>
  <datafield tag="942" ind1=" " ind2=" ">
    <subfield code="2">ddc</subfield>
    <subfield code="c">BOOK</subfield>
  </datafield>
  <datafield tag="999" ind1=" " ind2=" ">
    <subfield code="c">777360</subfield>
    <subfield code="d">777359</subfield>
  </datafield>
  <datafield tag="952" ind1=" " ind2=" ">
    <subfield code="0">0</subfield>
    <subfield code="1">0</subfield>
    <subfield code="2">ddc</subfield>
    <subfield code="4">0</subfield>
    <subfield code="7">0</subfield>
    <subfield code="8">300</subfield>
    <subfield code="a">KANYL</subfield>
    <subfield code="b">KANYL</subfield>
    <subfield code="c">Non_Fiction</subfield>
    <subfield code="d">2025-06-09</subfield>
    <subfield code="l">0</subfield>
    <subfield code="o">331.0968 BEZU</subfield>
    <subfield code="p">3322810058408</subfield>
    <subfield code="r">2025-06-09</subfield>
    <subfield code="w">2025-06-09</subfield>
    <subfield code="y">BOOK</subfield>
  </datafield>
  <datafield tag="952" ind1=" " ind2=" ">
    <subfield code="0">0</subfield>
    <subfield code="1">0</subfield>
    <subfield code="2">ddc</subfield>
    <subfield code="4">0</subfield>
    <subfield code="7">0</subfield>
    <subfield code="8">300</subfield>
    <subfield code="a">KANYL</subfield>
    <subfield code="b">KANYL</subfield>
    <subfield code="c">Non_Fiction</subfield>
    <subfield code="d">2025-06-09</subfield>
    <subfield code="l">0</subfield>
    <subfield code="o">331.0968 BEZU</subfield>
    <subfield code="p">33228021519564</subfield>
    <subfield code="r">2025-06-09</subfield>
    <subfield code="w">2025-06-09</subfield>
    <subfield code="y">BOOK</subfield>
  </datafield>
</record>
